000 01062nam0a22002651 4500
001 rc\3544339
005 20130115144626.8
021 _aRU
_bП1107-74
035 _a(NLR Aleph) 007634874
090 _a6062783
_c6062783
100 _a20130115d1973 |||y0rusy50 ca
101 0 _arus
102 _aRU
105 _aa z |||||
200 1 _aВопросы совершенствования нефтеналивного флота
_e[Сборник статей]
_f[Под ред. доц., к. т. н. А.П. Цололо]
210 _aГорький
_cБ. и.
_d1973
215 _a101 с.
_cил.
_d21
225 1 _aМинистерство речного флота РСФСР. Горьковский институт инженеров водного транспорта. Труды
_vВып. 123. Ч. 2
320 _aБиблиогр. в конце статей
702 1 _aЦололо
_bА. П.
_gАлександр Павлович
_4340
801 0 _aRU
_bNLR
_gpsbo
801 1 _aRU
_bELAR
_2rusmarc
852 _aNLR
_jП10/852
942 _cBOOK
980 _aNB